000 00244nam a2200097Ia 4500
005 20251222175818.0
008 251222s9999||||xx |||||||||||||| ||spa||
082 _aDVD0050/F57/1966
245 0 _aFantastic voyage:El viaje fantástico
942 _cDVD
999 _c40390
_d40390